00218nam a2200085Ia 4500001000800000005001700008008004100025245004000066260002600106125336520251031150952.0251031s9999 xx 000 0 und d 0cERHAN AKMANaY-4 SELÇUKLU KARTALI bÇINARALTI YAYINLARI